Statystyki dla Znajomi Kolegi Ignacego-Dla Kolegi Strategacego

Kliknij tutaj aby rozwiązać quiz!

Ogólne statystyki

  • Ten quiz został rozwiązany 508 razy
  • Średni wynik to 8 z 14

Statystyki odpowiedzi

HintOdpowiedź% Poprawnych
łysy jak jajko mądry jak brzoza...yyy.to znaczy jak einstein każdy i tak wie o kim mowa po trzecim słowieGimper
100%
Dość sporawy youtuber wagowo jak i liczbowo chodź ostatnio udało mu się z bardzo schudnąć (gratulacje)prowadzi program internetowyMandzio
97%
Ciągle POSZUKUJE nowych wieści na temat 3 filmikówPoszukiwacz
75%
youtuber który obraża innych Ignacy go oglądał na filmiku(tak jak się na niego mówi)Rock
66%
kiedyś mieszkał w Anglii ma dwa kanały często streamuje fortniteAlien
62%
specjalista w głośnych przywitaniach jest dumnym posiadaczem bunkraBladii
61%
youtuber zanany z gry "FIFA" należy do ekipy FantasyJcob
61%
Obecnie muzyczny oraz leniwy youtuber który ma ogromny potencjał na bycie w top youtube ale nagrywa raz na 3 miesiące-każdy wie o kim mowaDezy
53%
członek ekipy Chorsmenów jak mówi jego stare intro "jestem ....... znam się na tym" ma na imie PiotrekPlaga
46%
kiedyś jeden z najśmieszniejszych w ekipie teraz łysy zbój z brodą kojarzony z sowąAdmiros
42%
dość popularny ze swoich drunk streamów mieszka w cardiffie jest najnowszym członkiem obecnej ekipy BladeuszowejDobrodziej
39%
Ten człowiek ma ponad 700k subów(na dzień 8 maja 2019) kiedyś nagrywał SCP w garry's modzie teraz Brawl Stars i FortniteManoyek
20%
Youtuber CSGO napisze tylko jedno "witajcie moi wartościowi widzowieSkyeN
20%
posiadaczka męża z najlepszym wąsem na polskim youtubie (nie to nie jest ten popularny streamer z twitcha)Dominika
15%

Rozkład punktacji

Percentyl według liczby udzielonych odpowiedzi

Procent ludzi z każdym wynikiem

Twoja historia wyników

Nie rozwiązałeś tego quizu